000 00769nam a2200193 a 4500
003 0
005 20250528123005.0
008 021119s19uu xx 00 eng d
050 _aPHS HQ 772
_b.B37 2002
100 _aBarrameda, Sheryl O.
245 _aThe Level of parents influence on the positive attitudes of selected Public school students in Las Piñas City /
_cSheryl O. Barrameda.
260 _aLas Piñas City, Philippines :
_bSouthville International School and Colleges,
_c2002.
300 _a39 pages :
_billustrations ;
_c28 cm.
504 _aIncludes bibliographical references.
650 _aParental influence
_zPhilippines.
650 _aParent and child
_zPhilippines.
650 _aAttitude (Psychology) in children
_zPhilippines.
942 _2lcc
_cPASS
999 _c96680
_d96680